[Event "Belp op"]
[Site "Belp"]
[Date "2015.05.25"]
[Round "5"]
[White "Lucca, Kevin"]
[Black "Wallmueller, Peter"]
[Result "0-1"]
[WhiteElo "1833"]
[BlackElo "1961"]
[PlyCount "62"]
[EventDate "2015.05.23"]
[EventType "swiss"]
[EventRounds "5"]
[EventCountry "SUI"]
[SourceTitle "EXT 2016"]
[Source "ChessBase"]
[SourceDate "2015.10.08"]
[SourceVersion "1"]
[SourceVersionDate "2015.10.08"]
[SourceQuality "1"]

1. e4 c5 2. Nf3 d6 3. d4 cxd4 4. Nxd4 Nf6 5. Nc3 a6 6. Be2 e5 7. Nb3 Be6 8. Be3 Be7 9. 0-0 0-0 10. f4 Qc7 11. f5 Bc4 12. Bxc4 Qxc4 13. Qf3 b5 14. Nd2 Qc6 15. Nd5 Qb7 16. Nxf6+ Bxf6 17. Qh5 Nd7 18. Rf3 Bd8 19. Kh1 Nf6 20. Qh3 Nxe4 21. Raf1 Nxd2 22. Bxd2 Qe4 23. f6 Bxf6 24. Rxf6 gxf6 25. Rxf6 Qxc2 26. Qe3 Qd1+ 27. Be1 Rac8 28. Rh6 f6 29. Qg3+ Kh8 30. Qh4 Rf7 31. Rxf6 Rc1 0-1

[Event "Belp op"]
[Site "Belp"]
[Date "2015.05.24"]
[Round "4"]
[White "Wallmueller, Peter"]
[Black "Sommer, Matthias1"]
[Result "1-0"]
[WhiteElo "1961"]
[BlackElo "1744"]
[PlyCount "55"]
[EventDate "2015.05.23"]
[EventType "swiss"]
[EventRounds "5"]
[EventCountry "SUI"]
[SourceTitle "EXT 2016"]
[Source "ChessBase"]
[SourceDate "2015.10.08"]
[SourceVersion "1"]
[SourceVersionDate "2015.10.08"]
[SourceQuality "1"]

1. d4 Nf6 2. c4 e6 3. Nf3 b6 4. g3 Bb7 5. Bg2 Bb4+ 6. Bd2 Bxd2+ 7. Qxd2 d5 8. cxd5 Bxd5 9. Nc3 Nbd7 10. Nxd5 exd5 11. 0-0 0-0 12. Rac1 c5 13. dxc5 Nxc5 14. Rfd1 Qe7 15. Nd4 Nce4 16. Qf4 Rac8 17. Nf5 Qe6 18. Bh3 Kh8 19. Kg2 g5 20. Qf3 Rxc1 21. Rxc1 g4 22. Bxg4 Nxg4 23. Qxg4 Rg8 24. Qf4 Rg5 25. Nd4 Qd7 26. Rc7 Qa4 27. Qxf7 Qxd4 28. Qxh7# 1-0

[Event "Belp op"]
[Site "Belp"]
[Date "2015.05.23"]
[Round "1"]
[White "Megroz, Michael"]
[Black "Wallmueller, Peter"]
[Result "0-1"]
[WhiteElo "1572"]
[BlackElo "1961"]
[PlyCount "78"]
[EventDate "2015.05.23"]
[EventType "swiss"]
[EventRounds "5"]
[EventCountry "SUI"]
[SourceTitle "EXT 2016"]
[Source "ChessBase"]
[SourceDate "2015.10.08"]
[SourceVersion "1"]
[SourceVersionDate "2015.10.08"]
[SourceQuality "1"]

1. e4 c5 2. Nf3 d6 3. d4 cxd4 4. Nxd4 Nf6 5. Nc3 a6 6. Bc4 e6 7. Be3 Nc6 8. Nxc6 bxc6 9. e5 Nd5 10. Bd4 Nxc3 11. Bxc3 d5 12. Be2 Be7 13. 0-0 0-0 14. Qd3 a5 15. Rfd1 Ba6 16. Qf3 Bxe2 17. Qxe2 c5 18. b3 Qb6 19. Bb2 f6 20. a4 fxe5 21. Bxe5 Bf6 22. Re1 Bxe5 23. Qxe5 Rf6 24. Re2 Raf8 25. Qe3 Qb4 26. f3 Rh6 27. Rae1 Qb6 28. Qf2 Qd6 29. h3 Rg6 30. Qe3 Rf5 31. Kh1 Rf8 32. Qe5 Qb6 33. Qe3 Qc6 34. Qc3 d4 35. Qxa5 Rxf3 36. gxf3 Qxf3+ 37. Kh2 Qg3+ 38. Kh1 Qxh3+ 39. Rh2 Qf3+ 0-1

[Event "SUI-ch U16"]
[Site "Belp"]
[Date "2014.06.08"]
[Round "5"]
[White "Meier, Lukas"]
[Black "Wallmueller, Peter"]
[Result "0-1"]
[WhiteElo "1751"]
[BlackElo "2000"]
[PlyCount "114"]
[EventDate "2014.06.06"]
[EventType "swiss"]
[EventRounds "7"]
[EventCountry "SUI"]
[SourceTitle "EXT 2015"]
[Source "ChessBase"]
[SourceDate "2014.11.20"]
[SourceVersion "1"]
[SourceVersionDate "2014.11.20"]
[SourceQuality "1"]

1. e4 c5 2. Nf3 d6 3. d4 cxd4 4. Nxd4 Nf6 5. Nc3 a6 6. f4 e6 7. Bd3 Nc6 8. Nb3 Be7 9. 0-0 0-0 10. Qe1 e5 11. f5 Nb4 12. Qg3 Nxd3 13. cxd3 Kh8 14. Kh1 b5 15. Qh3 Bb7 16. Be3 d5 17. Nc5 d4 18. Nxb7 Qc7 19. Bd2 dxc3 20. Bxc3 Qxb7 21. Bxe5 Nd7 22. Bc3 Bf6 23. Bxf6 Nxf6 24. e5 Nd7 25. Rf4 f6 26. Rh4 Nxe5 27. Rxh7+ Kg8 28. Qh5 Nf7 29. Qg6 Ng5 30. Rh5 Qf7 31. Qxf7+ Nxf7 32. d4 Rfd8 33. Rh4 Rd5 34. Rf4 Rad8 35. Rd1 R8d7 36. g4 Nd8 37. Re4 Kf7 38. Kg2 Re7 39. Kf3 Rxe4 40. Kxe4 Rd7 41. Rd3 Ke7 42. Ra3 Rd6 43. Rh3 Nc6 44. Rd3 Nb4 45. Ra3 Kd7 46. h4 Rc6 47. Rc3 Rxc3 48. bxc3 Nxa2 49. Kd3 Nc1+ 50. Kd2 Nb3+ 51. Kc2 Na5 52. g5 Nc4 53. Kb3 a5 54. Kc2 fxg5 55. hxg5 Ne3+ 56. Kb3 Nxf5 57. d5 Ne3 0-1

[Event "Zuerich op 37th"]
[Site "Zuerich"]
[Date "2013.12.26"]
[Round "1"]
[White "Wallmueller, Peter"]
[Black "Tuor, Gallus"]
[Result "1-0"]
[WhiteElo "1732"]
[BlackElo "1796"]
[PlyCount "39"]
[EventDate "2013.12.26"]
[EventType "swiss"]
[EventRounds "7"]
[EventCountry "SUI"]
[SourceTitle "CBM 158 Extra"]
[Source "ChessBase"]
[SourceDate "2014.02.28"]
[SourceVersion "1"]
[SourceVersionDate "2014.02.28"]
[SourceQuality "1"]

1. d4 Nf6 2. c4 g6 3. Nc3 Bg7 4. e4 d6 5. f3 0-0 6. Be3 e5 7. d5 Nbd7 8. Nh3 Nb6 9. Nf2 Ne8 10. Bd3 f5 11. b4 f4 12. Bd2 Nf6 13. Rc1 Bd7 14. Qb3 a5 15. a3 a4 16. Qa2 Rc8 17. c5 Na8 18. c6 bxc6 19. dxc6+ Kh8 20. cxd7 1-0

[Event "SUI-ch U14"]
[Site "Geneve"]
[Date "2013.06.30"]
[Round "7"]
[White "Brandis, Benjamin"]
[Black "Wallmueller, Peter"]
[Result "1/2-1/2"]
[WhiteElo "1774"]
[BlackElo "1871"]
[PlyCount "98"]
[EventDate "2013.06.27"]
[EventType "swiss"]
[EventRounds "7"]
[EventCountry "SUI"]
[SourceTitle "EXT 2014"]
[Source "ChessBase"]
[SourceDate "2013.11.20"]
[SourceVersion "1"]
[SourceVersionDate "2013.11.20"]
[SourceQuality "1"]

1. e4 c5 2. Nc3 a6 3. f4 b5 4. g3 Bb7 5. Bg2 e6 6. d3 d5 7. Qe2 Nc6 8. Nf3 Be7 9. f5 Nd4 10. Nxd4 cxd4 11. Nd1 dxe4 12. fxe6 fxe6 13. Bxe4 Bxe4 14. Qxe4 Qd5 15. Qxd5 exd5 16. 0-0 Rc8 17. c3 dxc3 18. bxc3 Bf6 19. Bb2 Ne7 20. a4 0-0 21. axb5 axb5 22. d4 Ra8 23. Nf2 h5 24. Nd3 h4 25. Nc5 hxg3 26. hxg3 Rfd8 27. Nb7 Rxa1 28. Rxa1 Rb8 29. Nc5 b4 30. Nd7 bxc3 31. Bxc3 Rb3 32. Ra8+ Kf7 33. Rf8+ Kg6 34. Nxf6 Rxc3 35. Nd7 Rxg3+ 36. Kf2 Ra3 37. Ne5+ Kh7 38. Rf7 Ra7 39. Rf3 Kg8 40. Nd3 Nc6 41. Rf4 Rf7 42. Ke3 Rxf4 43. Nxf4 Ne7 44. Kf3 Kf7 45. Kg4 Kf6 46. Nh5+ Kf7 47. Nf4 Kf6 48. Nh5+ Kf7 49. Nf4 Kf6 1/2-1/2

[Event "SUI-ch U14"]
[Site "Geneve"]
[Date "2013.06.29"]
[Round "5"]
[White "Georgescu, Lena"]
[Black "Wallmueller, Peter"]
[Result "1/2-1/2"]
[WhiteElo "1636"]
[BlackElo "1871"]
[PlyCount "91"]
[EventDate "2013.06.27"]
[EventType "swiss"]
[EventRounds "7"]
[EventCountry "SUI"]
[SourceTitle "EXT 2014"]
[Source "ChessBase"]
[SourceDate "2013.11.20"]
[SourceVersion "1"]
[SourceVersionDate "2013.11.20"]
[SourceQuality "1"]

1. e4 c5 2. Nc3 a6 3. f4 b5 4. g3 Bb7 5. Bg2 e6 6. d3 d5 7. Qe2 Be7 8. b3 Nc6 9. Nf3 d4 10. Nb1 Nf6 11. 0-0 Qc7 12. Bb2 0-0 13. Nbd2 Qb6 14. Kh1 Rad8 15. h3 Na5 16. Ba3 Rfe8 17. Rab1 Qa7 18. Ne5 Nd7 19. Nxd7 Rxd7 20. Rbe1 c4 21. Bxe7 cxd3 22. cxd3 Rexe7 23. f5 exf5 24. Rxf5 f6 25. Qg4 Qb6 26. e5 Bxg2+ 27. Kxg2 Qb7+ 28. Kg1 fxe5 29. Rexe5 Nc6 30. Rxe7 Rxe7 31. Qf4 Rf7 32. Rxf7 Qxf7 33. Qd6 Qf6 34. Qxf6 gxf6 35. Nf3 Kf7 36. Kf2 Ke6 37. a3 Kd5 38. Ke2 a5 39. Kd2 Ne7 40. g4 Ng6 41. h4 Ne5 42. Nh2 Ke6 43. Ke2 h6 44. Nf3 Nxf3 45. Kxf3 Ke5 46. Kg3 1/2-1/2

[Event "Winterthur op-B 12th"]
[Site "Winterthur"]
[Date "2012.10.12"]
[Round "7"]
[White "Wallmueller, Peter"]
[Black "Leuenberger, Urs"]
[Result "1/2-1/2"]
[WhiteElo "1590"]
[BlackElo "2018"]
[PlyCount "69"]
[EventDate "2012.10.06"]
[EventType "swiss"]
[EventRounds "9"]
[EventCountry "SUI"]
[SourceTitle "EXT 2015"]
[Source "ChessBase"]
[SourceDate "2014.11.20"]
[SourceVersion "1"]
[SourceVersionDate "2014.11.20"]
[SourceQuality "1"]

1. d4 Nf6 2. c4 e6 3. Nf3 b6 4. g3 Bb7 5. Bg2 Bb4+ 6. Bd2 Be7 7. 0-0 0-0 8. Nc3 d5 9. cxd5 exd5 10. Qc2 c5 11. dxc5 bxc5 12. Qb3 Qb6 13. Qxb6 axb6 14. Ne5 Rd8 15. Rfd1 Nc6 16. Bf4 Nd4 17. Nc4 b5 18. Nb6 b4 19. Rxd4 cxd4 20. Nxa8 dxc3 21. Nb6 cxb2 22. Rb1 Bc5 23. Na4 Bd4 24. Nxb2 Ba6 25. Nd3 Bxd3 26. exd3 Bc3 27. Bg5 Kf8 28. Be3 Rc8 29. Bb6 Ke8 30. Ba5 Ra8 31. Bxb4 Bxb4 32. Rxb4 Rxa2 33. Rb8+ Ke7 34. Rb7+ Ke8 35. Rb8+ 1/2-1/2

[Event "Winterthur op-B 12th"]
[Site "Winterthur"]
[Date "2012.10.11"]
[Round "5"]
[White "Caorlin, Marco"]
[Black "Wallmueller, Peter"]
[Result "0-1"]
[WhiteElo "1855"]
[BlackElo "1590"]
[PlyCount "44"]
[EventDate "2012.10.06"]
[EventType "swiss"]
[EventRounds "9"]
[EventCountry "SUI"]
[SourceTitle "EXT 2015"]
[Source "ChessBase"]
[SourceDate "2014.11.20"]
[SourceVersion "1"]
[SourceVersionDate "2014.11.20"]
[SourceQuality "1"]

1. e4 c5 2. Nc3 d6 3. f4 g6 4. Nf3 Bg7 5. Bc4 e6 6. 0-0 Ne7 7. Qe1 0-0 8. d3 Nbc6 9. Qh4 d5 10. Bb3 Nd4 11. f5 dxe4 12. dxe4 exf5 13. Bh6 Nxf3+ 14. Rxf3 fxe4 15. Nxe4 Bxh6 16. Rd3 Qb6 17. Rd6 Nf5 18. Bxf7+ Rxf7 19. Rd8+ Kg7 20. Qe1 Qxd8 21. Rd1 Qxd1 22. Qxd1 Ne3 0-1

[Event "EU-ch U12"]
[Site "Prague"]
[Date "2012.08.19"]
[Round "3"]
[White "Haridas, Girinath"]
[Black "Wallmueller, Peter"]
[Result "1-0"]
[WhiteElo "1739"]
[BlackElo "1589"]
[PlyCount "71"]
[EventDate "2012.08.17"]
[EventType "swiss"]
[EventRounds "9"]
[EventCountry "CZE"]
[SourceTitle "CBM 150 Extra"]
[Source "ChessBase"]
[SourceDate "2012.10.19"]
[SourceVersion "1"]
[SourceVersionDate "2012.10.19"]
[SourceQuality "1"]

1. d4 d5 2. c4 c6 3. Nf3 Nf6 4. Nc3 a6 5. c5 Bf5 6. Bf4 Nbd7 7. e3 Nh5 8. Bg3 Nxg3 9. hxg3 e5 10. Be2 Be7 11. a4 a5 12. Rc1 Bf6 13. Nh2 Qc7 14. Ng4 Bxg4 15. Bxg4 0-0-0 16. 0-0 g6 17. Qf3 Bg5 18. dxe5 Kb8 19. Bxd7 Qxd7 20. Rfd1 Qe7 21. Qe2 d4 22. Ne4 dxe3 23. f4 Bh6 24. Nd6 f6 25. exf6 Qxf6 26. Qxe3 Bf8 27. Qe5 Qxe5 28. fxe5 Bxd6 29. cxd6 Kc8 30. Rf1 Rd7 31. Rcd1 Re8 32. Rfe1 Re6 33. Re4 Rf7 34. Rf4 Rg7 35. Rf8+ Kd7 36. Rb8 1-0

[Event "SUI-ch U12"]
[Site "St Ursanne"]
[Date "2011.07.02"]
[Round "6"]
[White "Goldie, Thomas"]
[Black "Wallmueller, Peter"]
[Result "0-1"]
[WhiteElo "1606"]
[BlackElo "1606"]
[PlyCount "114"]
[EventDate "2011.06.30"]
[EventType "swiss"]
[EventRounds "7"]
[EventCountry "SUI"]
[SourceTitle "EXT 2012"]
[Source "ChessBase"]
[SourceDate "2011.11.24"]
[SourceVersion "1"]
[SourceVersionDate "2011.11.24"]
[SourceQuality "1"]

1. e4 e6 2. d4 d5 3. e5 c5 4. c3 Nc6 5. Nf3 Bd7 6. Be2 Nge7 7. Na3 Nf5 8. Nc2 Be7 9. 0-0 0-0 10. g4 Nh4 11. Nxh4 Bxh4 12. f4 f6 13. Be3 cxd4 14. cxd4 fxe5 15. fxe5 Rxf1+ 16. Qxf1 Qe7 17. Qh3 Bg5 18. Rf1 Bxe3+ 19. Qxe3 Rf8 20. Rxf8+ Qxf8 21. Bd3 Qe7 22. Qh3 g6 23. Qg3 Qg5 24. Kg2 Qc1 25. a3 Qxb2 26. Qf2 Qc3 27. Qe3 Na5 28. h4 Nc4 29. Qf3 Qd2+ 30. Kg3 Bc6 31. h5 Nb2 32. Nb4 Nxd3 33. Qxd3 Qxd3+ 34. Nxd3 b6 35. h6 g5 36. Nb4 Bb5 37. Nc2 Kf7 38. Ne3 Kg6 39. Kf3 Bd3 40. Kg3 Kxh6 41. Kh3 Kg6 42. Kg3 b5 43. Kf3 a5 44. Nd1 Bc4 45. Nb2 h5 46. gxh5+ Kxh5 47. Kg3 g4 48. a4 Kg5 49. axb5 Bxb5 50. Nd1 a4 51. Nc3 Bd7 52. Na2 a3 53. Nc1 Bb5 54. Nb3 Bc4 55. Na1 a2 56. Nc2 Bb3 57. Na1 Ba4 0-1

[Event "AUS-ch U12"]
[Site "Mooroolbark"]
[Date "2011.01.22"]
[Round "7"]
[White "Puccini, Jack"]
[Black "Wallmueller, Peter"]
[Result "0-1"]
[WhiteElo "1146"]
[BlackElo "1159"]
[PlyCount "80"]
[EventDate "2011.01.19"]
[EventType "swiss"]
[EventRounds "9"]
[EventCountry "AUS"]
[SourceTitle "EXT 2013"]
[Source "ChessBase"]
[SourceDate "2012.11.22"]
[SourceVersion "1"]
[SourceVersionDate "2012.11.22"]
[SourceQuality "1"]

1. e4 e6 2. d4 d5 3. exd5 exd5 4. Bd3 Bd6 5. Nf3 Nc6 6. 0-0 Nge7 7. c4 dxc4 8. Bxc4 0-0 9. b3 Bg4 10. Bb2 Nf5 11. h3 Bxf3 12. Qxf3 Nfxd4 13. Qg4 Be5 14. f4 Nf3+ 15. Qxf3 Bxb2 16. Nc3 Bxa1 17. Rxa1 Qd4+ 18. Kh1 Rfe8 19. Rd1 Qf6 20. Nd5 Qd6 21. Qh5 Rad8 22. Rd3 Qg6 23. Rg3 Qxh5 24. Nf6+ Kf8 25. Nxh5 g6 26. Nf6 Kg7 27. Nh5+ Kf8 28. Nf6 h6 29. Ng4 Kg7 30. f5 h5 31. f6+ Kf8 32. Nh6 Ne5 33. Rc3 Nxc4 34. Rxc4 c6 35. Rb4 Rd7 36. a4 Re6 37. g4 Rxf6 38. g5 Re6 39. h4 Re2 40. Kg1 Rd1# 0-1

[Event "AUS-ch U12"]
[Site "Mooroolbark"]
[Date "2011.01.20"]
[Round "4"]
[White "Wallmueller, Peter"]
[Black "Chew Lee, Max"]
[Result "1/2-1/2"]
[WhiteElo "1159"]
[BlackElo "1290"]
[PlyCount "39"]
[EventDate "2011.01.19"]
[EventType "swiss"]
[EventRounds "9"]
[EventCountry "AUS"]
[SourceTitle "EXT 2013"]
[Source "ChessBase"]
[SourceDate "2012.11.22"]
[SourceVersion "1"]
[SourceVersionDate "2012.11.22"]
[SourceQuality "1"]

1. d4 g6 2. c4 Bg7 3. Nf3 c5 4. e3 e6 5. Nc3 a6 6. a4 Ne7 7. Be2 cxd4 8. exd4 d5 9. Be3 Nbc6 10. cxd5 exd5 11. 0-0 0-0 12. Qd2 Nf5 13. Rfe1 Re8 14. Rad1 Be6 15. Bf1 Rc8 16. Qc2 Qb6 17. Qd2 Qd8 18. Qc2 Qb6 19. Qd2 Qd8 20. Qc2 1/2-1/2

[Event "AUS-ch U12 op"]
[Site "Sandy Bay"]
[Date "2010.01.25"]
[Round "11"]
[White "Wallmueller, Peter"]
[Black "Parsons, Sasha"]
[Result "1-0"]
[WhiteElo "1103"]
[BlackElo "660"]
[PlyCount "55"]
[EventDate "2010.01.14"]
[EventType "swiss"]
[EventRounds "11"]
[EventCountry "AUS"]
[SourceTitle "EXT 2011"]
[Source "ChessBase"]
[SourceDate "2010.11.26"]
[SourceVersion "1"]
[SourceVersionDate "2010.11.26"]
[SourceQuality "1"]

1. d4 d5 2. c4 e6 3. Nc3 c5 4. cxd5 exd5 5. Nf3 Nf6 6. g3 Nc6 7. Bg2 Bg4 8. dxc5 Bxc5 9. Bg5 Bxf3 10. Bxf3 d4 11. Nd5 Ne5 12. Qa4+ Ned7 13. Bxf6 gxf6 14. Bg4 Rb8 15. Qxd7+ Qxd7 16. Nxf6+ Ke7 17. Nxd7 Bb4+ 18. Kd1 Rbd8 19. Ne5 Rde8 20. Nd3 Ba5 21. b4 Bb6 22. Kd2 a5 23. a3 Ra8 24. Bf3 Ra7 25. Nc5 Rb8 26. Rhc1 Bxc5 27. bxc5 b6 28. Rab1 1-0

[Event "AUS-ch U12 op"]
[Site "Sandy Bay"]
[Date "2010.01.21"]
[Round "8"]
[White "Wallmueller, Peter"]
[Black "Briant, Harrison"]
[Result "1/2-1/2"]
[WhiteElo "1103"]
[BlackElo "899"]
[PlyCount "118"]
[EventDate "2010.01.14"]
[EventType "swiss"]
[EventRounds "11"]
[EventCountry "AUS"]
[SourceTitle "EXT 2011"]
[Source "ChessBase"]
[SourceDate "2010.11.26"]
[SourceVersion "1"]
[SourceVersionDate "2010.11.26"]
[SourceQuality "1"]

1. d4 Nf6 2. c4 c5 3. Nf3 e6 4. e3 Nc6 5. Nc3 d5 6. Bd3 Qb6 7. Qd2 g6 8. 0-0 Bd7 9. h3 Ne4 10. cxd5 Nxc3 11. bxc3 exd5 12. Be2 c4 13. Qc2 Bd6 14. e4 Be6 15. Re1 0-0-0 16. exd5 Bxd5 17. Be3 Rhe8 18. Nd2 f5 19. Bxc4 Bxc4 20. Nxc4 Qc7 21. Nxd6+ Qxd6 22. Qd2 Na5 23. Bf4 Qc6 24. Bg5 Rd6 25. Rxe8+ Qxe8 26. Qe3 Re6 27. Qf3 Nc4 28. Rb1 Re1+ 29. Rxe1 Qxe1+ 30. Kh2 Nd2 31. Bxd2 Qxd2 32. Qe3 Qxa2 33. Qe8+ Kc7 34. Qe7+ Kc6 35. Qxh7 Qe6 36. Qh6 a5 37. Qc1 a4 38. c4 Qe7 39. c5 Qe4 40. Qc4 a3 41. Qa4+ b5 42. cxb6+ Kxb6 43. Qxa3 Qxd4 44. Qb3+ Ka5 45. Qe6 Qg7 46. f4 Qh6 47. g3 Qg7 48. Qe5+ Qxe5 49. fxe5 Kb6 50. Kg2 Kc6 51. Kf3 g5 52. h4 Kd5 53. hxg5 Kxe5 54. g4 Ke6 55. g6 fxg4+ 56. Kxg4 Kf6 57. Kh5 Kg7 58. Kg5 Kg8 59. Kf5 Kg7 1/2-1/2

[Event "AUS-ch U12 op"]
[Site "Sandy Bay"]
[Date "2010.01.19"]
[Round "6"]
[White "Guo, Jamie Lee"]
[Black "Wallmueller, Peter"]
[Result "1-0"]
[WhiteElo "943"]
[BlackElo "1103"]
[PlyCount "85"]
[EventDate "2010.01.14"]
[EventType "swiss"]
[EventRounds "11"]
[EventCountry "AUS"]
[SourceTitle "EXT 2011"]
[Source "ChessBase"]
[SourceDate "2010.11.26"]
[SourceVersion "1"]
[SourceVersionDate "2010.11.26"]
[SourceQuality "1"]

1. e4 e6 2. d4 d5 3. e5 c5 4. c3 Qb6 5. Nf3 Bd7 6. Bd3 cxd4 7. cxd4 Bb5 8. 0-0 Bxd3 9. Qxd3 Ne7 10. Nc3 Nf5 11. Bd2 Nc6 12. Na4 Qc7 13. Qb5 Be7 14. Nc5 Rb8 15. Rac1 Bxc5 16. Rxc5 0-0 17. Bb4 Nfxd4 18. Nxd4 Nxd4 19. Rxc7 Nxb5 20. Bxf8 Nxc7 21. Bd6 Na6 22. Bxb8 Nxb8 23. Rc1 Nc6 24. f4 Kf8 25. a3 Ke7 26. b4 Kd7 27. Rd1 Ne7 28. g4 g6 29. Kf2 h6 30. b5 b6 31. Ke3 Kd8 32. Rh1 Kd7 33. h4 Ke8 34. h5 gxh5 35. Rxh5 Ng8 36. g5 hxg5 37. Rh8 Kf8 38. fxg5 Kg7 39. Rh4 Kg6 40. Ra4 Kxg5 41. Rxa7 Nh6 42. Rb7 Kf5 43. Kd4 1-0